000 01069nam a22002537a 4500
003 PE SENCICO BE
005 20251020182652.0
008 240212b |||||||| |||| 00| 0 eng d
040 _aPE SENCICO BE
_cPE SENCICO BE
041 _aspa
084 _aI
_aDIS
_a2016
_bP29
100 1 _91953
_aPaucar Carbajal, Mayra Andrea
_eautor
245 1 _aDesarrollo de proyecto salón de belleza /
_cMayra Andrea Paucar Carbajal
260 _aLima :
_c2016
300 _a[30] h.
_bil. col., plans. ;
_c30 x 40 cm.
500 _aTexto en dos volúmenes. El volumen 2 contiene planos (40 x 60 cm.).
502 _aMonografía de Titulación.-- Servicio Nacional de Capacitación para la Industria de la Construcción. Escuela Superior Técnica. Carrera Profesional Técnica en Diseño de Interiores, 2016
650 1 0 _944
_aDiseño de interiores
650 2 0 _91954
_aSalones de belleza
650 2 0 _9615
_aPlanos
710 1 _aServicio Nacional de Capacitación para la Industria de la Construcción.
_bEscuela Superior Técnica
_91065
910 _bhfp
_chfp
942 _cMON
999 _c4566
_d4566